国鉄の連絡社線(1966年) - Statistics

General Stats
  • This quiz has been taken 84 times
  • The average score is 47 of 130
Answer Stats
事業者名 接続路線 % Correct
東武鉄道 多数
83%
西武鉄道 山手線八高線 中央本線
81%
名古屋鉄道 多数
78%
近畿日本鉄道
78%
小田急電鉄
76%
京成電鉄
75%
相模鉄道 東海道本線相模線
73%
東京急行電鉄 多数
71%
京浜急行電鉄 多数
71%
伊豆急行 伊東線
71%
阪神電気鉄道 東海道本線大阪環状線
71%
西日本鉄道 鹿児島本線香椎線
69%
長野電鉄
68%
京阪電気鉄道 片町線奈良線 東海道本線
68%
南海電気鉄道 多数
68%
弘南鉄道 奥羽本線
66%
関東鉄道 常磐線水戸線 真岡線
66%
京王帝都電鉄 山手線中央本線 南武線
66%
富山地方鉄道 北陸本線高山本線
66%
北陸鉄道 北陸本線七尾線
66%
伊豆箱根鉄道 東海道本線
64%
夕張鉄道 函館本線室蘭本線 夕張線
63%
小湊鉄道 房総西線木原線
63%
遠州鉄道 東海道本線二俣線
63%
山陽電気鉄道 山陽本線高砂線
61%
津軽鉄道 五能線
59%
新潟交通 弥彦線
59%
上信電鉄 高崎線上越線 信越本線
59%
富士急行 中央本線
58%
静岡鉄道
58%
京福電気鉄道 北陸本線三国線
58%
高松琴平電鉄 予讃本線高徳本線 土讃本線
58%
秩父鉄道 高崎線八高線
56%
京阪神急行電鉄 東海道本線大阪環状線 福知山線
56%
松本電気鉄道 信越本線篠ノ井線
54%
伊予鉄道 予讃本線
54%
定山渓鉄道 千歳線
53%
福島交通 東北本線奥羽本線
53%
上毛電気鉄道 両毛線
53%
新京成電鉄 常磐線総武本線
53%
豊橋鉄道 東海道本線飯田線
53%
旭川電気軌道 函館本線宗谷本線 富良野線
51%
十和田観光電鉄
51%
日立電鉄 水郡線常磐線
51%
帝都高速度交通営団 多数
51%
近江鉄道 多数
51%
広島電鉄 山陽本線
51%
南部縦貫鉄道 東北本線
49%
下津井電鉄 宇野線
49%
鹿児島交通 鹿児島本線指宿枕崎線
47%
岩手開発鉄道 大船渡線
46%
岳南鉄道
46%
福井鉄道 北陸本線
46%
加越能鉄道 北陸本線城端線 氷見線
44%
神戸電気鉄道 東海道本線福知山線 加古川線
44%
山形交通 左沢線奥羽本線
42%
茨城交通 常磐線
42%
箱根登山鉄道 東海道本線
42%
三岐鉄道 関西本線
42%
有田鉄道
42%
一畑電気鉄道
42%
越後交通 信越本線越後線
41%
銚子電気鉄道 総武本線
41%
土佐電気鉄道 土讃本線
41%
島原鉄道 長崎本線
41%
大井川鉄道
39%
熊本電気鉄道
39%
羽幌炭礦鉄道 羽幌線
37%
留萠鉄道 留萠本線
36%
花巻電鉄 東北本線釜石線
36%
大分交通 日豊本線
34%
大夕張鉄道 夕張線
32%
羽後交通 奥羽本線横黒線
31%
加悦鉄道 宮津線
31%
蒲原鉄道 磐越西線信越本線
29%
上田丸子電鉄 信越本線
29%
庄内交通 羽越本線
27%
江若鉄道 東海道本線
27%
寿都鉄道 函館本線
25%
別府鉄道 山陽本線 高砂線
25%
野上電気鉄道 紀勢本線
25%
北海道拓殖鉄道
24%
雄別鉄道 根室本線
22%
十勝鉄道
22%
南部鉄道 東北本線八戸線
22%
三井芦別鉄道 根室本線
20%
同和鉱業(小坂鉄道)
20%
江ノ島鎌倉観光 東海道本線横須賀線
20%
同和鉱業(片上鉄道) 山陽本線
20%
井笠鉄道 山陽本線福塩線
20%
流山電気鉄道 常磐線
19%
北恵那鉄道 中央本線
19%
東濃鉄道
19%
御坊臨港鉄道
17%
松尾鉱業 花輪線
14%
秋田中央交通
12%
東野鉄道 東北本線
12%
北丹鉄道 山陰本線福知山線
12%
岡山臨港鉄道 宇野線
12%
弘前電気鉄道
10%
西濃鉄道
10%
水間鉄道 (なし)
10%
日ノ丸自動車(法勝寺電鉄) 山陰本線
10%
天塩炭礦鉄道
8%
上武鉄道 八高線
8%
比叡山鉄道 (なし)
8%
丹後海陸交通 (なし)
8%
玉野市営電気鉄道
8%
釧路臨港鉄道 根室本線釧網本線
7%
三菱鉱業(美唄鉄道) 函館本線
7%
京葉臨海鉄道 房総東線房総西線
7%
高尾登山電鉄 中央本線
7%
神奈川臨海鉄道 鶴見線
7%
雄別炭礦(尺別鉄道)
5%
宮城中央交通 東北本線
5%
日本硫黄観光鉄道 磐越西線
5%
小名浜臨港鉄道 常磐線
5%
江名鉄道 (なし)
5%
名古屋臨海鉄道 東海道本線
5%
淡路交通 (なし)
5%
屋島登山鉄道 高徳本線
3%
宮城バス(鉄道線)
2%
筑波山鋼索鉄道 (なし)
2%
倉敷市交通局 山陽本線伯備線
2%
北九州市交通局 筑豊本線
2%
頸城鉄道自動車 信越本線
0%
立山開発鉄道 (なし)
0%
大阪市営高速電気軌道 多数
0%
三井三池港務所鉄道 鹿児島本線
0%
九州産業交通(阿蘇ロープウェー) 豊肥本線
0%
No matching quizzes found
Score Distribution
Percent of People with Each Score
Percentile by Number Answered
Your Score History
You have not taken this quiz